| 000 | 02209nam0a22003491 4500 | ||
|---|---|---|---|
| 001 | rc\1999695 | ||
| 005 | 20130109142521.4 | ||
| 035 | _a(NLR Aleph) 005285198 | ||
| 090 |
_a6137138 _c6137138 |
||
| 100 | _a20080811d19151915|||y0rusy50 ca | ||
| 101 | 0 | _arus | |
| 102 | _aRU | ||
| 105 | _ay z ||||| | ||
| 200 | 1 |
_aКрасно Солнышко, князь стольнокиевский _eСцены из нар. былин для сел. театров _e4 д. _fАндрей Городцов _g!Муз.: Архангельского, Гречанинова, Калинникова, Кастальского, Некрасова и Римского-Корсакова из сборника Александра Городцова "Народнопевческие хоры". Вып. 1, 2 и 3 |
|
| 210 |
_aПермь _cПерм. губ. ком. попечительства о нар. трезвости _d1915 |
||
| 215 |
_a40 с. _d25 |
||
| 488 | 0 |
_12001#$aНароднопевческие хоры$vВып. 1, 2, 3 _1700#1$aГородцов$bА.$gАлександр |
|
| 700 | 1 |
_aГородцов _bА. А. _gАндрей Александрович |
|
| 702 | 0 |
_aВладимир Святославович _cвеликий князь киевский _f-1015 _3RU\NLR\AUTH\779029 _4570 _7ca |
|
| 702 | 1 |
_aАрхангельский _bА. А. _cдирижер, композитор _f1846-1924 _gАлександр Андреевич _3RU\NLR\AUTH\77118926 _4230 _7ca |
|
| 702 | 1 |
_aГречанинов _bА. Т. _f1864-1956 _gАлександр Тихонович _4230 |
|
| 702 | 1 |
_aКалинников _bВ. С. _f1866-1900/01 _gВасилий Сергеевич _4230 |
|
| 702 | 1 |
_aКастальский _bА. Д. _f1856-1926 _gАлександр Дмитриевич _4230 |
|
| 702 | 1 |
_aНекрасов _cкомпозитор _4230 _7ca |
|
| 702 | 1 |
_aРимский-Корсаков _bН. А. _cкомпозитор _f1844-1908 _gНиколай Андреевич _3RU\NLR\AUTH\7716260 _4230 _7ca |
|
| 801 | 0 |
_aRU _bNLR _c20080811 _gpsbo |
|
| 801 | 0 |
_aRU _bRuMoRGB _c20080811 _2psbo |
|
| 801 | 1 |
_aRU _bProSoft-M _c20080811 _2rusmarc |
|
| 801 | 2 |
_aRU _bNLR _c20121227 _2rusmarc |
|
| 852 |
_aNLR _j68-7/1720 |
||
| 942 | _cBOOK | ||
| 980 | _aNB | ||